<?xml version="1.0" encoding="UTF-8"?><?xml-stylesheet type="text/xsl" href="static/style.xsl"?><OAI-PMH xmlns="http://www.openarchives.org/OAI/2.0/" xmlns:xsi="http://www.w3.org/2001/XMLSchema-instance" xsi:schemaLocation="http://www.openarchives.org/OAI/2.0/ http://www.openarchives.org/OAI/2.0/OAI-PMH.xsd"><responseDate>2026-06-06T02:46:10Z</responseDate><request verb="GetRecord" identifier="oai:riuma.uma.es:10630/30213" metadataPrefix="marc">https://riuma.uma.es/rest/oai/request</request><GetRecord><record><header><identifier>oai:riuma.uma.es:10630/30213</identifier><datestamp>2026-02-03T11:15:57Z</datestamp><setSpec>com_10630_2254</setSpec><setSpec>col_10630_37953</setSpec></header><metadata><record xmlns="http://www.loc.gov/MARC21/slim" xmlns:dcterms="http://purl.org/dc/terms/" xmlns:doc="http://www.lyncode.com/xoai" xmlns:xsi="http://www.w3.org/2001/XMLSchema-instance" xsi:schemaLocation="http://www.loc.gov/MARC21/slim http://www.loc.gov/standards/marcxml/schema/MARC21slim.xsd">
   <leader>00925njm 22002777a 4500</leader>
   <datafield ind2=" " ind1=" " tag="042">
      <subfield code="a">dc</subfield>
   </datafield>
   <datafield ind2=" " ind1=" " tag="720">
      <subfield code="a">Lechuga-Jiménez, Clotilde</subfield>
      <subfield code="e">author</subfield>
   </datafield>
   <datafield ind2=" " ind1=" " tag="720">
      <subfield code="a">Barroso, María-Belén</subfield>
      <subfield code="e">author</subfield>
   </datafield>
   <datafield ind2=" " ind1=" " tag="720">
      <subfield code="a">García-Cheikh-Lahlou, Enrique Alastor</subfield>
      <subfield code="e">author</subfield>
   </datafield>
   <datafield ind2=" " ind1=" " tag="720">
      <subfield code="a">Tójar-Hurtado, Juan Carlos</subfield>
      <subfield code="e">author</subfield>
   </datafield>
   <datafield ind2=" " ind1=" " tag="260">
      <subfield code="c">2024-02-07</subfield>
   </datafield>
   <datafield ind2=" " ind1=" " tag="520">
      <subfield code="a">This study examines the presence of “Effective Communication” (EC) and “Teamwork/Cooperative Learning” (TW&amp;CL) competencies in undergraduate university programmes using a blue entrepreneurship approach, within the framework of a social and sustainable economy. As seen in previous studies, these two competencies are highly relevant to promote sustainable and blue entrepreneurship in undergraduate programmes. Eighty-one curricula were collected in nine Spanish public universities in southern Spain. QUAN (qual)→QUAL mixed methodology was used, which included a qualitative analysis and a quantitative comparative analysis form, aiming to build theoretical frameworks through explanatory diagrams to understand how EC and TW&amp;CL are promoted in university programmes. The study found that EC and TW&amp;CL competencies are highly valued and widely incorporated in university curricula. The qualitative analysis revealed the components and interconnections of these competencies, highlighting the importance of effective communication, critical thinking, and interdisciplinary teamwork. The survey shows the complementary nature of EC and TW&amp;CL and suggests their integration in educational contexts. This study therefore contributes to the recognition of these specific competences in university degrees by providing data on their presence, type and relationships, so that educational institutions can better prepare students for future careers.</subfield>
   </datafield>
   <datafield ind1="8" ind2=" " tag="024">
      <subfield code="a">Lechuga-Jimenez, C., Barroso, M.B., Alastor, E., Tójar-Hurtado, J.C (2024) Promoting social and blue entrepreneurship and sustainability skills in higher education by transversal competencies, Cogent Education, 11:1, DOI: 10.1080/2331186X.2024.2309412</subfield>
   </datafield>
   <datafield ind1="8" ind2=" " tag="024">
      <subfield code="a">https://hdl.handle.net/10630/30213</subfield>
   </datafield>
   <datafield ind1="8" ind2=" " tag="024">
      <subfield code="a">10.1080/2331186X.2024.2309412</subfield>
   </datafield>
   <datafield tag="653" ind2=" " ind1=" ">
      <subfield code="a">Investigación activa en educación</subfield>
   </datafield>
   <datafield tag="653" ind2=" " ind1=" ">
      <subfield code="a">Enseñanza superior</subfield>
   </datafield>
   <datafield tag="653" ind2=" " ind1=" ">
      <subfield code="a">Competencia en educación</subfield>
   </datafield>
   <datafield ind2="0" ind1="0" tag="245">
      <subfield code="a">Promoting social and blue entrepreneurship and sustainability skills in higher education by transversal competencies.</subfield>
   </datafield>
</record>
</metadata></record></GetRecord></OAI-PMH>